Statistics for Volcano trivia QCC feel the heat

Click here to take the quiz!

General Stats

  • This quiz has been taken 5 times
  • The average score is 11 of 12

Answer Stats

Volcano questionAnswer% Correct
What volcanic word can be scrambled from has?Ash
100%
What is the center or centre of a volcano called?Crater
100%
A volcano is an opening in the earth's -----?Crust
100%
What country has the most active volcanos?Indonesia
100%
What country was question 1 located in?Italy
100%
What is it called when it is outside?Lava
100%
What is molten rock inside a volcano called?Magma
100%
What Volcano erupted in 1980 in Washington?Mount St Helens
100%
What volcano destroyed Pompeii?Mount Vesuvius
100%
What archipelago part of Portugal makes it part of the top 10?The Azores
100%
Roman god where the word Volcano comes from?Vulcan
60%
Volcanos that have magma and lots of heat are called what?Active Volcanos
40%

Score Distribution

Percentile by Number Answered

Percent of People with Each Score

Your Score History

You have not taken this quiz